Landlocked Countries of Africa - Statistics

General Stats
  • This quiz has been taken 75 times
  • The average score is 15 of 16
Answers on the Map
Answers color-coded by a green-red scale on the quiz's map according to % correct below.
 
Answer Stats
Answer % Correct
Chad
98%
Lesotho
98%
Mali
98%
Niger
98%
South Sudan
98%
Zambia
98%
Botswana
96%
Burkina Faso
94%
Central African Republic
94%
Eswatini
94%
Rwanda
94%
Uganda
94%
Zimbabwe
94%
Burundi
92%
Ethiopia
92%
Malawi
90%
No matching quizzes found
Score Distribution
Percent of People with Each Score
Percentile by Number Answered
Your Score History
You have not taken this quiz